banner-ar

بدايات علم الكلام فى الاسلام رسالتان فى الرد على القدرية من القرن الاول للهجرة . / (Record no. 35709)

MARC details
000 -الفاتح
حقل البيانات ثابتة الطول 00863nam a2200217Ia 4500
008 - عناصر البيانات ثابتة الطول - معلومات عامة
حقل البيانات ثابتة الطول 140319s9999 xx 000 0 ara d
040 ## - مصدر الفهرسة
وكالة الفهرسة الأصلية GCL /
وكالة النسخ GCL
082 04 - رقم تصنيف ديوى العشرى
رقم التصنيف 902.240
رقم المادة ح ب
100 1# - المدخل الرئيسى - إسم شخصى
الإسم الشخصى ابن الحنفية، الحسن بن محمد
245 10 - بيان العنوان
العنوان بدايات علم الكلام فى الاسلام رسالتان فى الرد على القدرية من القرن الاول للهجرة . /
بيان المسئوليه,etc ابن الحنفية، الحسن بن محمد
700 1# - المدخل الاضافى - اسم شخصى
الإسم الشخصى عمر بن عبدالعزيز
700 1# - المدخل الاضافى - اسم شخصى
الإسم الشخصى فان اس يوسف ( محقق).
260 ## - PUBLICATION, DISTRIBUTION, ETC. (IMPRINT)
تاريخ النشر أو التوزيع 1977
300 ## - الوصف المادى
التعداد 287 ص
490 ## - بيان السلسلة
عنوان السلسلة نصوص ودراسات
رقم المجلد/ التعيين التسلسلي 0
650 04 - المدخل الاضافى بالموضوع-مصطلح موضوعى
مصطلح موضوعي الفلسفة الاسلامية
650 04 - المدخل الاضافى بالموضوع-مصطلح موضوعى
مصطلح موضوعي القدرية
650 04 - المدخل الاضافى بالموضوع-مصطلح موضوعى
مصطلح موضوعي علم الكلام
942 ## - عناصر المدخل الإضافي( كوها)
مصدر التصنيف او مخطط الترفيف Dewey Decimal Classification
Koha [default] item type كتاب
260 ## - PUBLICATION, DISTRIBUTION, ETC. (IMPRINT)
-- [S.N] :
-- المعهد الالمانى للابحاث الشرقية ،
Holdings
حالة التراجع حالة الفقد حالة تلف ليس للاعارة المكان المؤقت الموقع الحالى تاريخ الاكتساب اجمالي اﻻعارات رقم الطلب الباركود تاريخ اخر مشاهدة تاريخ تفعيل السعر نوع وعاء كوها
        مكتبة القاهرة الكبرى مكتبة القاهرة الكبرى 03/26/2014   902.240\ح ب 87000 03/26/2014 03/26/2014 كتاب

Powered By

EGPV